Statistics for History of Russia Part 2

Click here to take the quiz!

General Stats

  • This quiz has been taken 16 times
  • The average score is 7 of 12

Answer Stats

HintYearAnswer% Correct
Who was the Succesor of Peter the Great?1725 ADCatherine I
100%
By deposing her husband Peter III, Who was the new Empress of Russia? (Hint: a German)1762 ADCatherine the Great
100%
Who was the Succesor of the above?1727 ADPeter II
100%
What Title did Peter the Great choose in 1721?1721 ADEmperor
80%
The above was deposed by who?1741 ADElizabeth
60%
Who was the Succesor of the above?1740 ADIvan VI
60%
Who was the Succesor of the above?1730 ADAnna
40%
What person did the Zemsky Sobor choose to be the new Tsar of Russia?1613 ADMichael/Mikhail
40%
The above led Russia in this war.1756-1763 ADSeven Years' War
40%
During the above Elizabeth died of what1762 ADA stroke/Stroke
20%
What did Russia gain from the Crimean Khanate?1700 ADAzov
20%
What War did Russia win with the help of Poland, Saxony and Denmark?1721 ADThe Great Northern War
20%

Score Distribution

Percentile by Number Answered

Percent of People with Each Score

Your Score History

You have not taken this quiz